Central Library OPAC University of Rajshahi

মাইকেল মধুসূদন দত্তের সাহিত্যকর্মে মানবতাবাদ : (Record no. 79467)

MARC details
000 -LEADER
fixed length control field 01758nam a2200277 a 4500
001 - CONTROL NUMBER
RUCL Control Number 79467
003 - CONTROL NUMBER IDENTIFIER
rucl marc code BD-RjUL
005 - DATE AND TIME OF LATEST TRANSACTION
control field 20220508153547.0
008 - FIXED-LENGTH DATA ELEMENTS--GENERAL INFORMATION
fixed length control field 220227s2016 bg a|||| m||| 00| 0 ben d
035 ## - SYSTEM CONTROL NUMBER
system control number (BD-RjUL)79467
040 ## - CATALOGING SOURCE
Original cataloging agency BD-RjUL
Language of cataloging ben / eng
Transcribing agency BD-RjUL
Modifying agency BD-RjUL
041 ## - LANGUAGE CODE
Language code of Book ben
082 ## - DEWEY DECIMAL CLASSIFICATION NUMBER
Classification number 144
Author mark and Year BEM 2016
DDC Edition number 23
100 ## - MAIN ENTRY--PERSONAL NAME
Personal name বেগম, মোছা. ফেরদৌসী
9 (RLIN) 1603
245 ## - TITLE STATEMENT
Title মাইকেল মধুসূদন দত্তের সাহিত্যকর্মে মানবতাবাদ :
Remainder of title একটি দার্শনিক বিশ্লেষণ /
Statement of responsibility, etc মোছা. ফেরদৌসী বেগম
Name of Supervisor/Co-Supervisor তত্ত্বাবধায়ক : মো. আব্দুল হাই তালুকদার
260 ## - PUBLICATION, DISTRIBUTION, ETC. (IMPRINT)
Place of publication, distribution, etc রাজশাহী :
Name of publisher, distributor, etc দর্শন বিভাগ, রাজশাহী বিশ্বিদ্যালয়,
Date of publication, distribution, etc ২০১৬
300 ## - PHYSICAL DESCRIPTION
Pagination viii, [১], ২৭১ পাতা :
Other physical details চিত্র ;
Dimensions ২৯ সেমি.
502 ## - DISSERTATION NOTE
Dissertation note থিসিস (পিএইচ. ডি.) -- দর্শন বিভাগ, রাজশাহী বিশ্বিদ্যালয়, ২০১৬
504 ## - BIBLIOGRAPHY, ETC. NOTE
Bibliography, etc গ্রন্থপঞ্জী : পাতা [২৪৭] - ২৫৯
600 ## - SUBJECT ADDED ENTRY--PERSONAL NAME
Personal name দত্ত, মাইকেল মধুসূদন
Dates associated with a name ১৮২৪ - ১৮৭৩ খ্রী.
General subdivision সমালোচনা ও ব্যাখ্যা
-- 1604
Personal name Dutt, Michael Madhusudan
Dates associated with a name 1824 - 1873 A.D.
General subdivision Criticism and Interpritation
-- 1605
650 ## - SUBJECT ADDED ENTRY--TOPICAL TERM
Topical term or geographic name as entry element মানবতাবাদ
9 (RLIN) 1606
Topical term or geographic name as entry element Humanism
9 (RLIN) 1607
700 ## - ADDED ENTRY--SUPERVISOR/CO-SUPERVISOR NAME
Personal name তালুকদার, মো. আব্দুল হাই, তত্ত্বাবধায়ক
9 (RLIN) 1608
942 ## - ADDED ENTRY ELEMENTS (KOHA)
Source of classification or shelving scheme Dewey Decimal Classification
Koha item type Theses
Holdings
Source of classification or shelving scheme Damaged status Not for loan Collection code Permanent Location Current Location Shelving location Date of accession Source of acquisition Total Checkouts Full call number Barcode Date last seen Copy number Thesis
Dewey Decimal Classification   Not For Loan Theses Central Library, University of Rajshahi Central Library, University of Rajshahi Documentation Section 09/11/2016 Controller of Exam., R. U.   BTHE 144 BEM 2016 D3998 27/02/2022 C-1 Theses